Cấu trúc đại số cơ bản
Đã lưu trong:
| Hovedforfatter: | |
|---|---|
| Format: | Bog |
| Sprog: | Undetermined |
| Udgivet: |
H.
Giáo dục
1999
|
| Fag: | |
| Online adgang: | http://lrc.tdmu.edu.vn/opac/search/detail.asp?aID=2&ID=6053 |
| Tags: |
Tilføj Tag
Ingen Tags, Vær først til at tagge denne postø!
|
| Thư viện lưu trữ: | Trung tâm Học liệu Trường Đại học Thủ Dầu Một |
|---|
| LEADER | 00607nam a2200193Ia 4500 | ||
|---|---|---|---|
| 001 | TDMU_6053 | ||
| 008 | 210410s9999 xx 000 0 und d | ||
| 082 | |a 512 | ||
| 090 | |b L250 | ||
| 100 | |a Lê, Văn Thuyết | ||
| 245 | 0 | |a Cấu trúc đại số cơ bản | |
| 245 | 0 | |c Lê Văn Thuyết | |
| 260 | |a H. | ||
| 260 | |b Giáo dục | ||
| 260 | |c 1999 | ||
| 300 | |a 151tr | ||
| 650 | |a Toán học; Đại số; Cấu trúc đại số | ||
| 856 | |u http://lrc.tdmu.edu.vn/opac/search/detail.asp?aID=2&ID=6053 | ||
| 980 | |a Trung tâm Học liệu Trường Đại học Thủ Dầu Một | ||